[Event "DSM WK M 2009"]
[Site "Karlsruhe GER"]
[Date "2009.05.16"]
[Round "1"]
[White "Reyher, Susan"]
[Black "Steffens, Skrolan"]
[Result "0-1"]
[Termination "normal"]
[Board "7.1"]
[WhiteElo "972"]
[BlackElo "1195"]
[WhiteTeam "Grundschule Pestalozzi Leegebruch"]
[BlackTeam "Athenaeum Stade"]
[PlyCount "112"]
[WhiteFideId "24686107"]
[EventCountry "GER"]
[EventRounds "7"]
[EventType "team-swiss"]
[EventDate "2009.05.15"]

1. e4 g6 2. Nf3 Bg7 3. Bc4 d6 4. Nc3 Nf6 5. d4 a6 6. Bf4 e6 7. d5 b5 8. Bb3
exd5 9. Bxd5 Nxd5 10. Nxd5 O-O 11. O-O Bb7 12. Bg5 Qd7 13. Bh6 Bxd5 14. Bxg7
Kxg7 15. Qxd5 Nc6 16. Qb3 Qg4 17. Qc3+ Ne5 18. Nxe5 dxe5 19. Qxe5+ Kg8 20. f3
Qc8 21. Qg3 Rd8 22. f4 Qe6 23. Rfe1 Rd2 24. Qg5 Qb6+ 25. Kh1 Qf2 26. Rf1 Qe2
27. Rae1 Qh5 28. Qxh5 gxh5 29. f5 Rad8 30. f6 Rxc2 31. Rd1 Rdd2 32. Rxd2 Rxd2
33. h3 Rxb2 34. Rd1 h6 35. Rd8+ Kh7 36. e5 Kg6 37. Rg8+ Kf5 38. Rg7 Ke6 39. Kh2
c5 40. Rg8 Kxe5 41. Re8+ Kxf6 42. Re1 Rxa2 43. Kg3 c4 44. Kh4 Rxg2 45. Kxh5 Kg7
46. h4 c3 47. Ra1 c2 48. Rc1 b4 49. Ra1 b3 50. Rc1 b2 51. Ra1 Kf8 52. Rxa6 b1=Q
53. Rb6 Qd1+ 54. Kxh6 c1=Q+ 55. Kh7 Qh5+ 56. Rh6 Qhxh6# 0-1

[Event "DSM WK M 2009"]
[Site "Karlsruhe GER"]
[Date "2009.05.16"]
[Round "1"]
[White "Lange, Anika"]
[Black "Wolff, Marie Antoinette"]
[Result "1-0"]
[Termination "normal"]
[Board "7.2"]
[WhiteElo "1221"]
[BlackElo "708"]
[WhiteTeam "Athenaeum Stade"]
[BlackTeam "Grundschule Pestalozzi Leegebruch"]
[PlyCount "89"]
[WhiteFideId "24693405"]
[BlackFideId "12908258"]
[EventCountry "GER"]
[EventRounds "7"]
[EventType "team-swiss"]
[EventDate "2009.05.15"]

1. e4 d6 2. f4 Nf6 3. Nc3 g6 4. Nf3 Bg7 5. Bc4 O-O 6. O-O Nc6 7. d4 Qd7 8. Be3
Qg4 9. h3 Qg3 10. Bf2 Qxf4 11. Re1 Bg4 12. Be3 Qg3 13. Ne2 Bxf3 14. Nxg3 Bxd1
15. Raxd1 e5 16. dxe5 Nxe5 17. Bb3 Rae8 18. Bxa7 Nc6 19. Bf2 Na5 20. Ba4 Re7
21. b3 Nh5 22. Nxh5 gxh5 23. Rd5 b6 24. Rxh5 Bc3 25. Re2 d5 26. Rxd5 c6 27.
Rg5+ Kh8 28. Bxb6 Nb7 29. Bxc6 Bf6 30. Rf5 Bc3 31. Re3 Bb2 32. a4 h6 33. a5
Nxa5 34. Bxa5 Ra7 35. Bb6 Ra1+ 36. Kh2 Rc1 37. c4 f6 38. Bc5 Rc8 39. Rh5 Kh7
40. Bd7 Rd8 41. Bf5+ Kg7 42. Rg3+ Kf7 43. Rxh6 Be5 44. Rh7+ Ke8 45. Bg6# 1-0

[Event "DSM WK M 2009"]
[Site "Karlsruhe GER"]
[Date "2009.05.16"]
[Round "1"]
[White "Sauer, Annika"]
[Black "Wilkens, Samantha"]
[Result "0-1"]
[Termination "normal"]
[Board "7.3"]
[WhiteElo "722"]
[BlackElo "1006"]
[WhiteTeam "Grundschule Pestalozzi Leegebruch"]
[BlackTeam "Athenaeum Stade"]
[PlyCount "62"]
[WhiteFideId "12952052"]
[EventCountry "GER"]
[EventRounds "7"]
[EventType "team-swiss"]
[EventDate "2009.05.15"]

1. e4 d6 2. Bb5+ c6 3. Bc4 g6 4. d4 Bg7 5. d5 cxd5 6. exd5 a6 7. Bg5 h6 8. Bd2
Nf6 9. Nc3 O-O 10. Nf3 b5 11. Bd3 Bb7 12. Be4 Nxe4 13. Nxe4 Bxd5 14. Nc3 Bb7
15. Nd4 e5 16. Nb3 Bxg2 17. Rg1 Bb7 18. Rg3 Re8 19. Rh3 h5 20. Qe2 e4 21. O-O-O
b4 22. Na4 a5 23. Bf4 Bc6 24. Rxd6 Qe7 25. Nb6 Bd7 26. Nxa8 Bxh3 27. Qe3 Bg4
28. Bg3 Qb7 29. Nb6 Qa6 30. Nd5 Qf1+ 31. Kd2 Qd1# 0-1

[Event "DSM WK M 2009"]
[Site "Karlsruhe GER"]
[Date "2009.05.16"]
[Round "1"]
[White "Lienau, Marei"]
[Black "Allonge, Mandy"]
[Result "1-0"]
[Termination "normal"]
[Board "7.4"]
[WhiteElo "959"]
[BlackElo "800"]
[WhiteTeam "Athenaeum Stade"]
[BlackTeam "Grundschule Pestalozzi Leegebruch"]
[PlyCount "47"]
[EventCountry "GER"]
[EventRounds "7"]
[EventType "team-swiss"]
[EventDate "2009.05.15"]

1. e4 e5 2. Nf3 Nc6 3. d4 d6 4. dxe5 Bd7 5. exd6 cxd6 6. Bc4 Be6 7. Bxe6 fxe6
8. O-O Nf6 9. Bg5 d5 10. e5 h6 11. Bh4 Bc5 12. exf6 gxf6 13. Nc3 Rg8 14. Re1
Ne5 15. Nxe5 fxe5 16. Bxd8 Rxd8 17. Rxe5 Rg6 18. Nxd5 Bd6 19. Re4 e5 20. Qh5
Kf7 21. Qf5+ Kg7 22. Rg4 Rg8 23. Qxg6+ Kf8 24. Qxg8# 1-0

[Event "DSM WK M 2009"]
[Site "Karlsruhe GER"]
[Date "2009.05.16"]
[Round "1"]
[White "Danicka, Karolina"]
[Black "Liez, Franziska"]
[Result "0-1"]
[Termination "normal"]
[Board "8.2"]
[WhiteElo "800"]
[BlackElo "1117"]
[WhiteTeam "Katholische Schule St. Marien Berlin"]
[BlackTeam "Marienschule Limburg"]
[PlyCount "66"]
[BlackFideId "1271766"]
[EventCountry "GER"]
[EventRounds "7"]
[EventType "team-swiss"]
[EventDate "2009.05.15"]

1. e4 e5 2. Nf3 Nc6 3. d4 exd4 4. Nxd4 Bc5 5. Be3 d6 6. Nxc6 bxc6 7. Bxc5 dxc5
8. Qxd8+ Kxd8 9. Bc4 Nh6 10. O-O Re8 11. Re1 Ke7 12. Nc3 Kf8 13. Na4 Re5 14. f4
Rh5 15. Be2 Bg4 16. f5 g6 17. Nxc5 gxf5 18. exf5 Rxf5 19. b4 Rd8 20. Bc4 Rg5
21. Kh1 Rd2 22. h3 Rh5 23. Kg1 Bc8 24. Re2 Rd6 25. Rae1 Kg7 26. Re7 Rg6 27. Rf1
Bxh3 28. Bxf7 Rxg2+ 29. Kh1 Nxf7 30. Rexf7+ Kh6 31. Rg1 Rh2+ 32. Kxh2 Be6+ 33.
Kg2 Bxf7 0-1

[Event "DSM WK M 2009"]
[Site "Karlsruhe GER"]
[Date "2009.05.16"]
[Round "1"]
[White "Liez, Tatjana"]
[Black "v. Chamier, Angelika"]
[Result "1-0"]
[Termination "normal"]
[Board "8.3"]
[WhiteElo "885"]
[BlackElo "800"]
[WhiteTeam "Marienschule Limburg"]
[BlackTeam "Katholische Schule St. Marien Berlin"]
[PlyCount "103"]
[WhiteFideId "1271769"]
[EventCountry "GER"]
[EventRounds "7"]
[EventType "team-swiss"]
[EventDate "2009.05.15"]

1. e4 e5 2. Nf3 Bc5 3. Nc3 Nf6 4. Nxe5 d6 5. Nf3 Be6 6. d3 Nc6 7. d4 Bb4 8. Bd2
Nxd4 9. Nxd4 Bg4 10. Be2 Bd7 11. O-O O-O 12. Bg5 Bc5 13. Nf3 Bb4 14. Nd5 Bc6
15. Nxb4 Bxe4 16. Bd3 Bc6 17. Nxc6 bxc6 18. c3 h6 19. Bh4 g5 20. Bg3 Nh5 21.
Bc2 Nf6 22. Qd3 c5 23. Rfe1 Qd7 24. Qf5 Qxf5 25. Bxf5 d5 26. Bxc7 Ne4 27. Ba5
Nd6 28. Bc2 Nc4 29. b4 cxb4 30. Bxb4 Rfd8 31. Bb3 Nb6 32. Ba5 Rab8 33. Rad1 Rd7
34. Bxb6 Rxb6 35. Rxd5 Rc7 36. c4 h5 37. Rxg5+ Kh7 38. Rxh5+ Kg6 39. Rhe5 f6
40. Nh4+ Kh6 41. R5e3 Rd6 42. Nf5+ Kg5 43. Nxd6 Rd7 44. Ne4+ Kf5 45. Rf3+ Kg4
46. Nxf6+ Kg5 47. Nxd7 a5 48. Rd3 a4 49. Re5+ Kf4 50. Rf3+ Kg4 51. h3+ Kh4 52.
Rf4# 1-0

[Event "DSM WK M 2009"]
[Site "Karlsruhe GER"]
[Date "2009.05.16"]
[Round "1"]
[White "v. Chamier, Jessica"]
[Black "Heinz, Michelle"]
[Result "0-1"]
[Termination "normal"]
[Board "8.4"]
[WhiteElo "800"]
[BlackElo "800"]
[WhiteTeam "Katholische Schule St. Marien Berlin"]
[BlackTeam "Marienschule Limburg"]
[PlyCount "36"]
[BlackFideId "1271782"]
[EventCountry "GER"]
[EventRounds "7"]
[EventType "team-swiss"]
[EventDate "2009.05.15"]

1. e4 e5 2. d3 Nc6 3. Nf3 Nf6 4. Nc3 Bc5 5. Bg5 h6 6. Be2 hxg5 7. Nxg5 O-O 8.
O-O d6 9. Na4 Bd7 10. Nxc5 dxc5 11. c3 b5 12. d4 cxd4 13. cxd4 Nxd4 14. Bd3 Ng4
15. h3 Qxg5 16. hxg4 Bxg4 17. Qe1 Bh3 18. Kh2 Qxg2# 0-1

[Event "DSM WK M 2009"]
[Site "Karlsruhe GER"]
[Date "2009.05.16"]
[Round "1"]
[White "Wendt, Anne"]
[Black "Raab, Helen"]
[Result "0-1"]
[Termination "normal"]
[Board "9.1"]
[WhiteElo "800"]
[BlackElo "1587"]
[WhiteTeam "Albert-Einstein-Gymnasium Neubrandenburg"]
[BlackTeam "Otto-Schott-Gymnasium Mainz-Gonsenheim"]
[PlyCount "50"]
[BlackFideId "24653608"]
[EventCountry "GER"]
[EventRounds "7"]
[EventType "team-swiss"]
[EventDate "2009.05.15"]

1. e4 e6 2. d4 d5 3. e5 c5 4. Nf3 cxd4 5. Nxd4 Nc6 6. Be3 Nxe5 7. f4 Nc6 8. Bb5
Bd7 9. Nd2 Nxd4 10. Bxd7+ Qxd7 11. Bxd4 Ne7 12. Nf3 Ng6 13. Qd2 f6 14. Qe3 Bd6
15. g3 Ne7 16. g4 b6 17. O-O-O Rc8 18. g5 Qc7 19. c3 Bxf4 20. Rd3 Bxe3+ 21.
Rxe3 Qf4 22. Kc2 e5 23. Rhe1 O-O 24. gxf6 gxf6 25. Rg1+ Ng6 0-1

[Event "DSM WK M 2009"]
[Site "Karlsruhe GER"]
[Date "2009.05.16"]
[Round "1"]
[White "Efinger, Leila"]
[Black "Zibell, Christine"]
[Result "1-0"]
[Termination "normal"]
[Board "9.2"]
[WhiteElo "956"]
[BlackElo "794"]
[WhiteTeam "Otto-Schott-Gymnasium Mainz-Gonsenheim"]
[BlackTeam "Albert-Einstein-Gymnasium Neubrandenburg"]
[PlyCount "39"]
[WhiteFideId "12931705"]
[EventCountry "GER"]
[EventRounds "7"]
[EventType "team-swiss"]
[EventDate "2009.05.15"]

1. d4 d5 2. Bf4 Nf6 3. e3 Bf5 4. Nf3 e6 5. c3 Nc6 6. Nbd2 g6 7. Nh4 Qe7 8. Nxf5
gxf5 9. Bd3 O-O-O 10. Qb3 a6 11. O-O-O Na5 12. Qa4 Nc6 13. Nb3 Ne4 14. Rhf1 b5
15. Qxa6+ Kd7 16. Bxb5 Qh4 17. Qxc6+ Ke7 18. Qxc7+ Rd7 19. Qxd7+ Kf6 20. Qd8+
1-0

[Event "DSM WK M 2009"]
[Site "Karlsruhe GER"]
[Date "2009.05.16"]
[Round "1"]
[White "Parchmann, Wiebke"]
[Black "Beck, Clara"]
[Result "0-1"]
[Termination "normal"]
[Board "9.3"]
[WhiteElo "800"]
[BlackElo "758"]
[WhiteTeam "Albert-Einstein-Gymnasium Neubrandenburg"]
[BlackTeam "Otto-Schott-Gymnasium Mainz-Gonsenheim"]
[PlyCount "52"]
[EventCountry "GER"]
[EventRounds "7"]
[EventType "team-swiss"]
[EventDate "2009.05.15"]

1. e4 e5 2. Nf3 Nc6 3. Nc3 Nf6 4. Bc4 Bc5 5. d3 O-O 6. Bg5 h6 7. Be3 d6 8. Qe2
Nd4 9. Bxd4 Bxd4 10. Nxd4 exd4 11. Na4 d5 12. exd5 Nxd5 13. O-O-O Qg5+ 14. Kb1
Qxg2 15. Rhf1 Bg4 16. Qe1 Bxd1 17. Qxd1 Nb6 18. Nxb6 axb6 19. Rg1 Qxf2 20. a3
Rfe8 21. Qg4 Re1+ 22. Ka2 Rxg1 23. Qe4 c5 24. Kb3 Rg2 25. h4 Qxc2+ 26. Ka2
Qxb2# 0-1

[Event "DSM WK M 2009"]
[Site "Karlsruhe GER"]
[Date "2009.05.16"]
[Round "1"]
[White "Woider, Stella"]
[Black "Gold, Lisa"]
[Result "1-0"]
[Termination "normal"]
[Board "9.4"]
[WhiteElo "762"]
[BlackElo "800"]
[WhiteTeam "Otto-Schott-Gymnasium Mainz-Gonsenheim"]
[BlackTeam "Albert-Einstein-Gymnasium Neubrandenburg"]
[PlyCount "61"]
[EventCountry "GER"]
[EventRounds "7"]
[EventType "team-swiss"]
[EventDate "2009.05.15"]

1. e4 e5 2. Nf3 Nc6 3. Bc4 Bc5 4. d3 Nf6 5. Bg5 O-O 6. O-O d6 7. h3 Be6 8. Bxe6
fxe6 9. Nc3 d5 10. exd5 exd5 11. Na4 Qd6 12. Nxc5 Qxc5 13. Nh4 e4 14. Bxf6 Rxf6
15. Qg4 Ne5 16. Qg5 Nf3+ 17. gxf3 Rf7 18. Nf5 g6 19. Nh6+ Kg7 20. Nxf7 Kxf7 21.
fxe4 Ke6 22. Rfe1 Qa5 23. exd5+ Kd6 24. Qe5+ Kc5 25. c3 c6 26. b4+ Qxb4 27.
cxb4+ Kxb4 28. Qd4+ Kb5 29. Rab1+ Ka5 30. Qb4+ Ka6 31. Qa3# 1-0